000 00561nam a2200193Ia 4500
005 20250508160340.0
008 008 250505s9999 xx 000 0 eng d
037 _aTextual
040 _aFEDL
_beng
_cFEDL
041 _aeng
_2eng
084 _a370.7, AME
_qFEDL
245 0 _aGraduate study for future college teachers
245 0 _cAmerican Council on Education
260 _aWashington, USA
_bAmerican Council on Education
_c1959
300 _axiv,111p
650 _aEducation
942 _cTEXL
_h370.7, AME
999 _c1363919
_d1363919